000 00292nam a22001337a 4500
008 181217b xxu||||| |||| 00| 0 eng d
020 _a0812905660
041 _aeng
080 _a038
100 _a23
101 _aFJA
245 _aReverse Dictionary
_cBernstein, Th, M
942 _2udc
_cBK
999 _c53260
_d53260